Statistiques concernant Les meilleurs joueurs sur FIFA 10

Cliquez ici pour prendre le quiz!

Statistiques générales

  • Ce quiz a été pris 116 fois
  • Le résultat moyen est 10 sur 20

Statistiques - réponses

NoteJoueurs% Correct
89Cristiano Ronaldo
100%
90Lionel Messi
100%
87Xavi
81%
87Andrés Iniesta
80%
90Iker Casillas
67%
87Wayne Rooney
64%
88Zlatan Ibrahimović
60%
88Franck Ribéry
59%
88Gianluigi Buffon
59%
87David Villa
56%
88Carles Puyol
55%
88Kaká
45%
88Fernando Torres
41%
88Steven Gerrard
41%
87Frank Lampard
36%
87John Terry
27%
88Nemanja Vidić
24%
87Cesc Fàbregas
20%
89Júlio César
9%
87Diego
3%

Distribution des résultats

Percentile par nombre de réponses

% des personnes avec chaque résultat

Votre développement - résultats

Vous n’avez pas pris ce quiz